000 00341nam a2200133Ia 4500
008 230411s9999 xx 000 0 und d
041 _aeng
082 _aOG/618.2/DAW/B02500
100 _aDawn C
245 _aTextbook Of Obstetrics And Neonatology
260 _bDawn Books
_aCalcutta
_c2000
300 _a432p
999 _c153684
_d153684